Loading...

Human Resource Development

Bibliografiske detaljer
Hovedforfatter: McGuire, David
Format: Printed Book
Sprog:Undetermined
Udgivet: New Delhi Sage Publications 2011
LEADER 00472nam a2200133Ia 4500
008 141017s9999 xx 000 0 und d
020 |a 9.78813E+12 
082 |a 370.113 MCG/H 
100 |a McGuire, David 
245 |a Human Resource Development 
260 |b Sage Publications  |a New Delhi  |c 2011 
300 |a xviii, 242p. 
999 |c 112888  |d 112888 
952 |0 0  |1 0  |4 0  |6 370_113000000000000_MCG_H  |7 0  |9 109621  |a STS  |b STS  |d 2012-12-14  |l 1  |o 370.113 MCG/H  |p STS548  |r 2016-03-17  |s 2016-03-14  |w 2014-10-17  |y BK